00000000nam 2200000za 4500
0019.689673
003CaOODSP
00520210624232013
007cr |||||||||||
008150407s2007    onc|||||o    f|0| 0 eng d
020 |a978-0-662-45815-9
040 |aCaOODSP|beng
043 |an-cn---
0861 |aCH1-3/2007E-PDF
1101 |aCanada. |bCanadian Heritage.
24510|aGuide to Canadian Heritage financial support programs |h[electronic resource].
260 |aOttawa : |bCanadian Heritage, |c2007.
300 |a88 p.
590 |a09-07-Supp|b2009-08-17
77508|tGuide des programmes d'appui financier de Patrimoine canadien |w(CaOODSP)9.634071
7760#|tGuide to Canadian Heritage financial support programs |w(CaOODSP)9.668511
7760#|tGuide des programmes d'appui financier de Patrimoine canadien |w(CaOODSP)9.668512
794 |tGuide to Canadian Heritage financial support programs, 2008/2009 |w(CaOODSP)9.690959
795 |tGuide to Canadian Heritage financial support programs |w(CaOODSP)9.688211
85640|ahttp://publications.gc.ca|qPDF|s457 KB|uhttps://publications.gc.ca/collections/collection_2007/ch-pc/CH1-3-2007E.pdf